Central Library OPAC University of Rajshahi

Plasma physics and magnetofluid-mechanics / (Record no. 67663)

MARC details
000 -LEADER
fixed length control field 00834nam a2200253 a 4500
001 - CONTROL NUMBER
control field 67663
003 - CONTROL NUMBER IDENTIFIER
rucl marc code BD-RjUL
005 - DATE AND TIME OF LATEST TRANSACTION
control field 20211209081700.0
008 - FIXED-LENGTH DATA ELEMENTS--GENERAL INFORMATION
fixed length control field 170328s1963 nyua b 001 0 eng
035 ## - SYSTEM CONTROL NUMBER
System control number (BD-RjUL)67872
040 ## - CATALOGING SOURCE
Original cataloging agency DLC/ICU
Transcribing agency ICU
Modifying agency DLC
-- BD-RjUL
Language of cataloging eng
041 ## - LANGUAGE CODE
Language code of text/sound track or separate title eng
082 00 - DEWEY DECIMAL CLASSIFICATION NUMBER
Edition number 23
Classification number 537.532
Author mark and year CAP 1963
100 1# - MAIN ENTRY--PERSONAL NAME
Personal name Cambel, Ali Bulent,
Dates associated with a name 1923-
9 (RLIN) 200606
245 10 - TITLE STATEMENT
Title Plasma physics and magnetofluid-mechanics /
Statement of responsibility, etc. Ali Bulent Cambel.
260 ## - PUBLICATION, DISTRIBUTION, ETC. (IMPRINT)
Place of publication, distribution, etc. New York :
Name of publisher, distributor, etc. McGraw-Hill,
Date of publication, distribution, etc. c1963.
300 ## - PHYSICAL DESCRIPTION
Pagination 304 p. :
Illustrations ill. ;
Size 24 cm.
500 ## - GENERAL NOTE
General note Includes index.
650 #0 - SUBJECT ADDED ENTRY--TOPICAL TERM
Topical term or geographic name as entry element Plasma (Ionized gases)
9 (RLIN) 160125
Topical term or geographic name as entry element Magnetohydrodynamics.
9 (RLIN) 158502
830 ## - SERIES ADDED ENTRY--UNIFORM TITLE
Uniform title McGraw-Hill series in missile and space technology.
942 ## - ADDED ENTRY ELEMENTS (KOHA)
Source of classification or shelving scheme Dewey Decimal Classification
Koha item type Books
Holdings
Lost status Source of classification or shelving scheme Damaged status Not for loan Collection code Permanent Location Current Location Shelving location Date acquired Source of acquisition Cost, normal purchase price Total Checkouts Full call number Date last seen Copy number Koha item type
  Dewey Decimal Classification   Not For Loan Non-fiction Central Library, University of Rajshahi Central Library, University of Rajshahi Reading Room 06/05/1964 Zeitlinger 89.00   537.532 CAP 1963 28/03/2017 C-1 Books